000 00428nam a2200193Ia 4500
005 20250603144903.0
008 250603s9999 xx 000 0 und d
020 _a987-0-273-70267-2
050 _aHD 2341 .E58/
100 _aSara Carter
245 0 _aEnterprise And Small Business
250 _a2nd
260 _aHarlow
260 _bPearson
260 _c2006
300 _a572 p
650 _aHarlow
942 _cBK
999 _c40243
_d40243